| 000 | 00373nam a22001577a 4500 | ||
|---|---|---|---|
| 999 |
_c9086 _d9086 |
||
| 003 | OSt | ||
| 008 | 200716b ||||| |||| 00| 0 eng d | ||
| 020 | _a 9788190598606 | ||
| 100 | _aArora, Girish | ||
| 245 | _aDictionary Of Science | ||
| 250 | _a2017 | ||
| 260 |
_aNew Delhi _bAdeline Books _c2017 |
||
| 300 | _a643 | ||
| 650 | _aPharmacy General Books | ||
| 942 |
_2ddc _cBK |
||